Vocabulaire anglais - Statistiques

Statistiques générales
  • Ce quiz a été pris 356 fois
    320 depuis la dernière actualisation
  • Le résultat moyen est 15 sur 72
Statistiques - réponses
Français Anglais % Correct
un lac a lake
69%
un volcan a volcano
64%
un climat a climate
60%
un paysage a landscape / scenery
60%
sauvage untamed / wild
60%
attirant(e) appealing / attractive
59%
accueillant(e) welcoming
57%
unique unique
55%
le bonheur happiness
54%
fabuleux(-se) fabulous
51%
partager share
48%
magique magical
46%
le paradis paradise
45%
le plaisir enjoyment / pleasure
43%
l'innovation innovation
40%
un mode de vie a lifestyle / a way of life
37%
la modernité modernity
37%
impressionnant(e) impressive
36%
sacré(e) sacred
35%
spectaculaire spectacular
35%
le développement development
32%
multiculturel(-le) multicultural
29%
appartenir à be part of / belong to
28%
l'identité culturelle cultural identity
26%
améliorer improve
26%
le progrès social social progress
26%
un rang / se classer rank
23%
la croissance économique economic growth / expansion
19%
le progrès économique economic progress
19%
le sport extrême extreme sport
19%
la randonnée hiking
19%
néo-zélandais(e) kiwi / New Zealander
18%
les ressources naturelles natural resources
18%
la qualité de vie quality of life
18%
prospérer thrive / prosper
18%
rendre la vie plus facile make life easier
15%
époustouflant(e) breathtaking
13%
la plongée sous-marine scuba diving
13%
expatrié(e) expat / expatriate
12%
la forêt tropicale humide rainforest
12%
une chaîne de montagne a mountain range
10%
serein serene
9%
l'étendue sauvage wilderness
9%
un lieu d'intérêt a place of interest
8%
florissant(e) / prospère thriving / prosperous
8%
s'installer settle down
7%
adapté(e) pour les familles family-friendly
6%
doux(-ce) mild
6%
calme / plaisir peaceful
6%
le parachutisme skydiving
6%
une offre d'emploi a job opportunity / offer
5%
le saut à l'élastique bungee jumping
5%
reposant(e)/tranquille restful / relaxing
5%
le caractère sacré(e) sacredness
5%
des sources naturelles d'eau chaude hot baths / springs
4%
autochtone indigenous
4%
aisé(e) well-off
4%
un secteur touristique a tourism sector
3%
sortir des sentiers battues go off the beaten track
3%
splendide magnificent
3%
remarquable outstanding
3%
le parapente paragliding
3%
enrichissant(e) rewarding
3%
l'abondance wealth / affluence
3%
être rempli(e) d'admiration be filled by wonder
2%
valoir la visite be worth visiting
2%
mettre en valeur enhance
2%
épanouissant(e) fulfilling
2%
à multiples facettes multifaceted
2%
le statut social social standing
2%
le niveau de vie the standard of living
2%
laisser ses problèmes derrière soi get away from it all
1%
Aucun quiz correspondant
Distribution des résultats
% des personnes avec chaque résultat
Percentile par nombre de réponses
Votre historique - résultats
Vous n’avez pas pris ce quiz depuis la dernière actualisation